Physiographic, stratigraphic and structural development of the quadrilatero ferrifero, Minas Gerais, Brazil /
| Main Author: | |
|---|---|
| Format: | Government Document Book |
| Language: | English |
| Published: |
Washington :
United States Government Printing Office,
1969.
|
| Series: | Geological Survey professional paper ;
641-A. Regional geology of the Quadrilátero Ferrífero, Minas Gerais, Brazil. Geological Survey professional paper. |
MARC
| Tag | First Indicator | Second Indicator | Subfields |
|---|---|---|---|
| LEADER | 00000cam a2200000Ma 4500 | ||
| 001 | in00002784947 | ||
| 005 | 20150922151645.0 | ||
| 008 | 100514s1969 dcu 000 0 eng d | ||
| 035 | |a (OCoLC)ocn614424413 | ||
| 035 | |a (OCoLC)614424413 | ||
| 040 | |a I8H |b eng |c I8H |d UtOrBLW | ||
| 049 | |a TXAM | ||
| 086 | |a I 19.16:641-A | ||
| 100 | 1 | |a Dorr, John van Nostrand, |d 1910- | |
| 245 | 1 | 0 | |a Physiographic, stratigraphic and structural development of the quadrilatero ferrifero, Minas Gerais, Brazil / |c by John van N. Dorr 2d. |
| 264 | 1 | |a Washington : |b United States Government Printing Office, |c 1969. | |
| 300 | |a v, 110 pages : |b illustrations ; |c 29 cm. | ||
| 336 | |a text |b txt |2 rdacontent | ||
| 337 | |a unmediated |b n |2 rdamedia | ||
| 338 | |a volume |b nc |2 rdacarrier | ||
| 490 | 1 | |a Geological Survey professional paper ; |v 641-A | |
| 490 | 1 | |a Regional geology of the Quadrilátero Ferrífero, Minas Gerais, Brazil | |
| 500 | |a Prepared in cooperation with the Departamento Nacional da producao mineral of Brazil. | ||
| 500 | |a Part of illustrative matter in pocket. | ||
| 830 | 0 | |a Geological Survey professional paper ; |v 641-A. | |
| 830 | 0 | |a Regional geology of the Quadrilátero Ferrífero, Minas Gerais, Brazil. | |
| 830 | 0 | |a Geological Survey professional paper. | |
| 948 | |a cataloged |b h |c 2012/11/28 |d c |e mvaldespin |f 02:41:14 pm | ||
| 994 | |a C0 |b TXA | ||
| 999 | |a MARS | ||
| 999 | f | f | |s 44614e41-b3e9-35ee-ace8-74b4705f97f2 |i b3b7f62e-7bbe-3ef4-bb7f-8e759de54daa |t 0 |
| 952 | f | f | |p normal |a Texas A&M University |b College Station |c Sterling C. Evans Library |d Evans: US Documents (Annex 5th floor) |t 0 |e I 19.16:641-A |h Superintendent of Documents classification |i unmediated -- volume |m A14839368173 |
| 998 | f | f | |a I 19.16:641-A |t 0 |l Evans: US Documents (Annex 5th floor) |